Harf-E-Aarzoo, Biography & Poetry of Aarzoo Saharanpuri (Record no. 8009)

MARC details
000 -LEADER
fixed length control field 00667nam a2200253 a 4500
020 ## - INTERNATIONAL STANDARD BOOK NUMBER
ISBN
082 00 - DEWEY DECIMAL CLASSIFICATION NUMBER
Classification number 891.41
Author Cutter QUR
100 ## - MAIN ENTRY--AUTHOR NAME
Author name Qurban D A, Harrison
245 ## - TITLE STATEMENT
Title Harf-E-Aarzoo, Biography & Poetry of Aarzoo Saharanpuri
260 ## - PUBLICATION, DISTRIBUTION, ETC. (IMPRINT)
Place of publication Saharanpur
Name of publisher Taleb Printing Press
Year of publication 1985
300 ## - PHYSICAL DESCRIPTION
Number of Pages 195p
500 ## - GENERAL NOTE
General note includes index and biblioraphy
505 2# - FORMATTED CONTENTS NOTE
Formatted contents note Index
650 ## - SUBJECT ADDED ENTRY--TOPICAL TERM
Topical Term Christian-Biography
650 ## - SUBJECT ADDED ENTRY--TOPICAL TERM
Topical Term Religious-Poetry Christianity
942 ## - ADDED ENTRY ELEMENTS (KOHA)
Koha item type Books
700 1# -
-- Qurban D A, Harrison
Holdings
Collection code Home library Current library Date acquired Cost, normal purchase price Full call number Accession Number Koha item type
  Henry Martyn Institute Library Henry Martyn Institute Library 06/20/2007 18.00 891.41 QUR 012290 Books
                   Copyright © 2026 | Henry Martyn Institute | Hyderabad | TS-500052 | INDIA | Implemented by hmi.edu.in
Hit-Count:

Powered by Koha